| 000 | 01249nam a22003017a 4500 | ||
|---|---|---|---|
| 005 | 2011100402422.0 | ||
| 008 | 111004t xxu||||| |||| 00| 0 eng d | ||
| 010 | _aENG-103861 | ||
| 020 |
_a9788125043201 _c545.00 |
||
| 035 | _aEN-87394 | ||
| 037 | _bDBAD/PUB | ||
| 040 |
_aDPL _bEng |
||
| 082 | 0 | 0 | _a332.042 |
| 100 |
_aStiglitz, Joseph E. _935214 |
||
| 245 | 0 | 0 |
_aGlobal crisis : _bthe way forward : the Stiglitz Commission report / _cby Joseph E. Stiglitz with a foreword by Miguel d'Escoto Brockmann |
| 260 |
_aNew Delhi _bOrient Blackswan _c2011 |
||
| 270 |
_a1/24, Asaf Ali Road _bNew Delhi _e110002 |
||
| 300 |
_axxxii,204p. _c22cm (Hb) |
||
| 600 | 1 | 0 | _935206 |
| 600 | 1 | 0 | _935207 |
| 650 | 0 | _935208 | |
| 700 | 1 | _935211 | |
| 830 | 0 |
_aOpen Media book. _935213 |
|
| 856 | 4 | 2 |
_3Publisher description _uhttp://www.loc.gov/catdir/enhancements/fy1012/2010001368-d.html |
| 942 |
_2ddc _cEN _h332.042 _mSTI |
||
| 999 |
_c57248 _d57248 |
||